[Event "CAN-ch U20 1983-84"]
[Site "St John"]
[Date "1984.01.02"]
[Round "6"]
[White "Waterman, Ron"]
[Black "Bailey, Doug"]
[Result "1-0"]
[WhiteElo "1923"]
[BlackElo "2188"]
[PlyCount "53"]
[EventDate "1983.12.27"]
[EventType "tourn"]
[EventRounds "11"]
[EventCountry "CAN"]
[SourceTitle "EXT 2021"]
[Source "ChessBase"]
[SourceDate "2020.10.23"]
[SourceVersion "1"]
[SourceVersionDate "2020.10.23"]
[SourceQuality "1"]

1. f4 Nf6 2. Nf3 g6 3. b3 Bg7 4. Bb2 0-0 5. Nc3 d6 6. e3 Nbd7 7. d4 c6 8. Bd3 Re8 9. 0-0 Qc7 10. a4 e5 11. fxe5 dxe5 12. Bc4 exd4 13. exd4 Nb6 14. Bd3 Ng4 15. Ne4 Ne3 16. Qe2 Nxf1 17. Nf6+ Bxf6 18. Qxe8+ Kg7 19. a5 Bd7 20. axb6 Bxe8 21. bxc7 Ne3 22. Rxa7 Rc8 23. Rxb7 Bd7 24. Ne5 Be6 25. c4 c5 26. d5 Bxd5 27. cxd5 1-0